Sumario de los Reyes de España / (Record no. 165899)
[ view plain ]
| 000 -LEADER | |
|---|---|
| campo de control de longitud fija | 01304nam a2200265 i 4500 |
| 001 - NÚMERO DE CONTROL | |
| campo de control | 165899 |
| 003 - IDENTIFICADOR DE NÚMERO DE CONTROL | |
| campo de control | ES-MaACL |
| 005 - FECHA Y HORA DE LA ÚLTIMA TRANSACCIÓN | |
| campo de control | 20251012205635.0 |
| 008 - DATOS DE LONGITUD FIJA--INFORMACIÓN GENERAL | |
| campo de control de longitud fija | 931025s1781 sp |||| |dspa d |
| 245 00 - MENCIÓN DEL TÍTULO | |
| Título | Sumario de los Reyes de España / |
| Mención de responsabilidad, etc. | por el despensero mayor de la reyna Doña Leonor... ; con las alteraciones y adiciones que posteriormente le hizo un anonimo ; publicado por... Eugenio de Llaguno Amirola... |
| 260 ## - PUBLICACIÓN, DISTRIBUCIÓN, ETC. | |
| Lugar de publicación, distribución, etc. | En Madrid : |
| Nombre del editor, distribuidor, etc. | en la Imprenta de Don Antonio de Sancha, se hallarà en su Libreria..., |
| Fecha de publicación, distribución, etc. | 1781. |
| 300 ## - DESCRIPCIÓN FÍSICA | |
| Extensión | VIII, 95 p. ; |
| Dimensiones | 4º. |
| 490 1# - MENCIÓN DE SERIE | |
| Mención de serie | Colección de las Crónicas y Memorias de los Reyes de Castilla ; |
| Designación de volumen o secuencia | 3 |
| 530 ## - NOTA DISPONIBLE DE FORMULARIO FÍSICO ADICIONAL | |
| Nota de formato físico adicional disponible | Disponible en formato digital. |
| 594 ## - Nota al título y mención de responsabilidad | |
| Nota al título y mención de responsabilidad | Palau, 325166, atribuye la obra a Juan Rodríguez de Cuenca. |
| 597 ## - NOTA DE DESCRIPCIÓN FÍSICA | |
| NOTA DE DESCRIPCIÓN FÍSICA | Sign.: *4, A-M4. |
| 597 ## - NOTA DE DESCRIPCIÓN FÍSICA | |
| NOTA DE DESCRIPCIÓN FÍSICA | Port. con adorno xil. |
| 651 #4 - PUNTO DE ACCESO ADICIONAL DE MATERIA--NOMBRE GEOGRÁFICO | |
| Nombre geográfico | España- |
| Subdivisión general | Historia- |
| Subdivisión cronológica | 0711-1492, Reconquista. |
| 9 (RLIN) | 8217 |
| 700 1# - ENTRADA AGREGADA--NOMBRE PERSONAL | |
| Nombre de persona | Rodríguez de Cuenca, Juan. |
| 9 (RLIN) | 98446 |
| 700 1# - ENTRADA AGREGADA--NOMBRE PERSONAL | |
| Nombre de persona | Llaguno y Amírola, Eugenio, |
| Fechas asociadas al nombre | 1724-1799 |
| 9 (RLIN) | 72661 |
| 830 00 - PUNTO DE ACCESO ADICIONAL DE SERIE-TÍTULO UNIFORME | |
| Título uniforme | Colección de las crónicas y memorias de los reyes de Castilla |
| Designación de volumen o secuencia | 3 |
| 9 (RLIN) | 184660 |
| 852 ## - LOCALIZACIÓN | |
| Ubicación | ES-MaACL |
| Número de control de estantería | R-1294(3) |
| Nota libre | - Enc. pasta española |
| Encuadernación | Olim: G-13140 |
| 856 ## - LOCALIZACIÓN Y ACCESO ELECTRÓNICOS | |
| Identificador Uniforme de Recursos | <a href="https://archive.org/details/A0403091723 ">https://archive.org/details/A0403091723 </a> |
| Nota pública | Internet Archive |
| Estatus retirado | Estado de pérdida | Estado de daño | No para préstamo | Colección | Biblioteca de origen | Biblioteca actual | Ubicación en estantería | Fecha de adquisición | Fuente de adquisición | Total de préstamos | Signatura topográfica completa | Código de barras | Visto por última vez | Precio de reemplazo | Tipo de ítem Koha |
|---|---|---|---|---|---|---|---|---|---|---|---|---|---|---|---|
| Colección digital | Biblioteca del Ateneo de Madrid | Biblioteca del Ateneo de Madrid | Depósito | 17/01/2008 | R-1294(3) | 1173982 | 23/02/2023 | 23/02/2023 | Libro impreso antiguo |
